| 000 | 01266cab a2200229 4500 | ||
|---|---|---|---|
| 001 | ABS67310 | ||
| 008 | 040108n2003 000 0 eng u | ||
| 035 | _a(Sirsi) u124759 | ||
| 100 | _aWheeler, P. | ||
| 245 | _aSecond helpings | ||
| 260 | _c2003 | ||
| 490 |
_aNew Civil Engineer _v(1512) 11/25 December 2003, 25-26(2) |
||
| 520 | _aExamines the trend among foundation engineers to reuse piled foundations, something which could have implications for new developments in London. Whilst not a new idea, it has fallen out of favour since the 19th century. The reuse of pilings could prove a solution to the construction of buildings on previously piled land and the constraints of building on potential archeological sites. The article examines the topic from both a European and North American perspective, with details about the Re-use of Foundations for Urban Sites (RuFUS) project and website at www.webforum.com/rufus/. | ||
| 590 | _aABS | ||
| 650 | _aBUILT ENVIRONMENT-BUILDING ELEMENTS-COMPLETE BUILDING ELEMENTS-FOUNDATIONS | ||
| 650 | _aPILING | ||
| 650 | _aPILE FOUNDATIONS | ||
| 650 | _aREDEVELOPMENT | ||
| 690 | _aBUILDING AND CONSTRUCTION-SUSTAINABLE | ||
| 856 |
_uhttps://www.webforum.com/rufus/ _zView the RuFUS website... |
||
| 942 | _n0 | ||
| 999 |
_c74045 _d74045 |
||